Melody of Bhakti and Enlightenment (Record no. 20306)

MARC details
000 -LEADER
fixed length control field 00273nam a22001217a 4500
082 ## - DEWEY DECIMAL CLASSIFICATION NUMBER
Classification number 291.4 VYA
100 ## - MAIN ENTRY--AUTHOR NAME
Author name Vyas, R.N.
245 ## - TITLE STATEMENT
Title Melody of Bhakti and Enlightenment
260 ## - PUBLICATION, DISTRIBUTION, ETC. (IMPRINT)
Place of publication New Delhi
Name of publisher Cosmo Publications
Year of publication 1983
300 ## - PHYSICAL DESCRIPTION
Number of Pages 215
650 ## - SUBJECT ADDED ENTRY--TOPICAL TERM
Topical Term Bhakti
942 ## - ADDED ENTRY ELEMENTS (KOHA)
Koha item type Books
Holdings
Home library Current library Date acquired Source of acquisition Cost, normal purchase price Full call number Accession Number Koha item type
Henry Martyn Institute Library Henry Martyn Institute Library 02/27/2017 amazon 230.00 291.4 VYA 25175 Books
                   Copyright © 2026 | Henry Martyn Institute | Hyderabad | TS-500052 | INDIA | Implemented by hmi.edu.in
Hit-Count:

Powered by Koha